Responses for Show #1747 - Tuesday, March 17, 1992

Phil Yellman game 3.

Contestants

[<< previous game]

Michael Igoe, an editor from Redondo Beach, California

Ro Hendricksen, a head counselor from Manahawkin, New Jersey

Phil Yellman, a word processor from Albuquerque, New Mexico (whose 2-day cash winnings total $29,001)

[next game >>]

Jeopardy! Round responses

OPERA SETTINGS
ANIMAL PHRASES
FAMOUS NAMES
FOOD & DRINK
SPORTS
NORTH AMERICA
    $100 26
(Michael: What is Italy?)

Venice

PhilMichael
    $100 14
a horse

Michael
    $100 2
Ronald Reagan

Michael
    $100 16
(Ro: What is the [*] bean?)

coffee

Ro
    $100 1
England (Great Britain)

Michael
    $100 9
Annapolis

Phil
    $200 27
(Ro: What is, uh, Japan?)
(Phil: What is The Mikado?)

Madame Butterfly

PhilRoMichael
    $200 15
an albatross

Ro
    $200 3
Mary

Phil
    $200 17
dressing (stuffing)

Ro
    $200 4
polo

Phil
    $200 10
(Phil: What is the cod?)

the salmon

PhilMichael
    $300 28
Hansel and Gretel

Michael
    $300 22
dog-eat-dog

Michael
    $300 6
a critic

Michael
    $300 18
reindeer's milk

Phil
    $300 5
greyhounds

Michael
    $300 11
Jamaica

Phil
    $400 29
(Alex: Who is [*]? [*] and the Night Visitors.)

Amahl

Triple Stumper
    $400 23
a sitting duck

Michael
    $400 7
Siegfried & Roy

Michael
    $400 19
gin

Triple Stumper
    $400 20
Pete Maravich

Phil
    $400 12
CuraƧao

Michael
    $500 30
William Tell

Phil
    $500 24
the wolf

Phil
    $500 8
Madame Alexander

Triple Stumper
    $1,000 25
Pennsylvania

Phil
    $500 21
bocce

Ro
    $500 13
(Phil: What is French?)
(Ro: What is Portuguese?)

English

PhilRo
Triple Stumper

Scores at the first commercial break (after clue 15):

Phil Ro Michael
$100 -$300 $1,900

Scores at the end of the Jeopardy! Round:

Phil Ro Michael
$2,700 $300 $3,000

Double Jeopardy! Round responses

WOMEN IN HISTORY
NUMBER, PLEASE
COLORS
LITERATURE
GENERAL SCIENCE
SOUTH AMERICA
    $200 8
Egypt

Phil
    $200 7
70

Michael
    $200 1
yellow

Michael
    $200 2
The Corsican Brothers

Ro
    $200 9
meteorology

Phil
    $200 15
birds

Michael
    $400 12
(Phil: Who is Madame Tussard?)

Madame Tussaud

PhilRo
    $400 23
(Ro: Uh, what is 17?)

14

PhilRo
    $400 3
red-letter days

Triple Stumper
    $400 20
Jane Austen

Phil
    $400 10
a tail

Phil
    $400 19
the guilder

Michael
    $600 16
Anne of Cleves

Michael
    $600 24
(Phil: What is 100?)

30

Phil
Triple Stumper
    $600 4
Wedgwood

Ro
    $600 21
the Bridge of San Luis Rey

Phil
    $600 11
Mendel

Michael
    $600 28
(Ro: What is Chile?)

Ecuador

PhilRo
    $800 17
(Ro: Um, who is Sigmund Freud?)
(Phil: Who is Mesmer?)

Anna Freud

PhilRo
Triple Stumper
    $800 25
1 million

Ro
    $800 5
(Phil: What is India?)

Indigo

PhilRo
    $1,200 22
New Orleans

Phil
    $800 13
(Robert) Goddard

Phil
    $500 29
(Phil: What is the Pampas?)
...
[The end-of-round signal sounds.]

Patagonia

Phil
    $1000 18
Jenny Lind

Phil
    $1000 26
(Phil: What is 50?)
...
(Alex: We have less than a minute to go in the round.)

15

PhilMichael
    $1000 6
(Michael: What is Bougainvillea?)

fuchsia

Michael
Triple Stumper
    $1000 27
Kipling

Phil
    $1000 14
(Alessandro) Volta

Phil

Scores at the end of the Double Jeopardy! Round:

Phil Ro Michael
$6,400 $1,300 $5,200

[wagering suggestions for these scores]

Final Jeopardy! Round responses

NOTORIOUS
(Alex: [Before going to player responses] Lizzie Borden took an ax--the only problem, she was found to be innocent of the crime because no one was ever found guilty of the crime, the double ax murder.)
RoWhat is
$1,200
MichaelWhat is Boston
$5,000
PhilWhat is Salem?
$4,001
Fall River, Massachusetts

Final scores:

Phil Ro Michael
$2,399 $100 $200
3-day champion: $31,400 3rd place: Moulinex kitchen appliances + Nintendo Entertainment System with Super Jeopardy! & Wheel of Fortune + InfoGenius for Game Boy + Jeopardy! home game 2nd place: Michael C. Fina china + Maytag Jetclean dishwasher + Jeopardy! home game

Game dynamics:

Coryat scores:

Phil Ro Michael
$6,000 $1,300 $5,200
22 R
(including 2 DDs),
9 W
(including 1 DD)
9 R,
5 W
19 R,
2 W

Combined Coryat: $12,500

[game clues] [game scores] [suggest correction]

Game tape date: 1991-12-04
The J! Archive is created by fans, for fans. Scraping, republication, monetization, and malicious use prohibited; this site may use cookies and collect identifying information. See terms. The Jeopardy! game show and all elements thereof, including but not limited to copyright and trademark thereto, are the property of Jeopardy Productions, Inc. and are protected under law. This website is not affiliated with, sponsored by, or operated by Jeopardy Productions, Inc. Join the discussion at JBoard.tv.